| 000 | 01022nam0a2200241 4500 | ||
|---|---|---|---|
| 001 | RU\NLR\BIBL_A\010967341 | ||
| 005 | 20260405074638.0 | ||
| 035 | _a(NLR Aleph) 010967341 | ||
| 090 |
_a10805387 _c10805387 |
||
| 100 | _a20160131d1976 |||y0rusy50 ca | ||
| 101 | 0 | _asah | |
| 102 | _aRU | ||
| 105 | _ay z 000zy | ||
| 200 | 1 |
_aКустук _eоскуол. киириэхтэрин иннинээҕи саастаах оболор. аналлаах _fА. Е. Захарова, М. П. Захарова хомуйан оҥорбут. |
|
| 210 |
_aЯкутскай _cСаха сиринээҕи кинигэ изд-вота _d1976 |
||
| 215 |
_a143,[1] c. _d22 |
||
| 541 | 1 |
_aРадуга _eучеб. пособие для якут. детсадов _zrus |
|
| 686 | 1 | _aЧ411.382 | |
| 702 | 1 |
_4220 _8rus _7ca _aЗахарова _bА.Е. _cфольклорист _gАгафья Еремеевна _3RU\NLR\AUTH\7726394 _99435 |
|
| 852 |
_aNLR _bОНЛ _jЯкут./3-1807 |
||
| 942 | _cBOOK | ||
| 980 | _aNB | ||